<?xml version="1.0" encoding="UTF-8"?>
<record
    xmlns:xsi="http://www.w3.org/2001/XMLSchema-instance"
    xsi:schemaLocation="http://www.loc.gov/MARC21/slim http://www.loc.gov/standards/marcxml/schema/MARC21slim.xsd"
    xmlns="http://www.loc.gov/MARC21/slim">

  <leader>02475nam a2200289 a 4500</leader>
  <controlfield tag="001">000022644</controlfield>
  <controlfield tag="005">20200930021720.0</controlfield>
  <controlfield tag="008">101014s2009    dr ac         001 0 spa d</controlfield>
  <datafield tag="040" ind1=" " ind2=" ">
    <subfield code="a">DO-SdBNP</subfield>
    <subfield code="b">spa</subfield>
    <subfield code="c">BNPHU</subfield>
  </datafield>
  <datafield tag="082" ind1=" " ind2=" ">
    <subfield code="a">345.05</subfield>
    <subfield code="b">A169j</subfield>
  </datafield>
  <datafield tag="111" ind1="2" ind2=" ">
    <subfield code="a">Congreso Nacional de Defensa P&#xFA;blica</subfield>
    <subfield code="n">(2 :</subfield>
    <subfield code="d">2008 jul. 15-16 :</subfield>
    <subfield code="c">Santo Domingo)</subfield>
    <subfield code="9">46595</subfield>
  </datafield>
  <datafield tag="245" ind1="1" ind2="0">
    <subfield code="a">Acceso a la justicia, proceso penal y sistema de garant&#xED;as :</subfield>
    <subfield code="b">contentivo de una recopilaci&#xF3;n de las ponencias del congreso /</subfield>
    <subfield code="c">en torno a la participaci&#xF3;n del Dr. Luigi Ferrajoli ; coordinaci&#xF3;n general Lino V&#xE1;squez S&#xE1;muel ; coordinaci&#xF3;n de la edici&#xF3;n Marien Montero Beard.</subfield>
  </datafield>
  <datafield tag="260" ind1=" " ind2=" ">
    <subfield code="a">Santo Domingo :</subfield>
    <subfield code="b">Comisionado de Apoyo a la Reforma y Modernizaci&#xF3;n de la Justicia,</subfield>
    <subfield code="c">2009.</subfield>
  </datafield>
  <datafield tag="300" ind1=" " ind2=" ">
    <subfield code="a">146 p. :</subfield>
    <subfield code="b">il., retrs. ;</subfield>
    <subfield code="c">25 cm.</subfield>
  </datafield>
  <datafield tag="504" ind1=" " ind2=" ">
    <subfield code="a">Incluye bibliograf&#xED;a y notas al pie de p&#xE1;ginas.</subfield>
  </datafield>
  <datafield tag="505" ind1="0" ind2=" ">
    <subfield code="g">Presentaci&#xF3;n /</subfield>
    <subfield code="r">Lino V&#xE1;squez S&#xE1;muel --</subfield>
    <subfield code="t">Palabras de bienvenida /</subfield>
    <subfield code="r">Mag. Jorge A. Subero Isa --</subfield>
    <subfield code="t">Palabras de apertura /</subfield>
    <subfield code="r">Dra. Laura Hern&#xE1;ndez --</subfield>
    <subfield code="t">Palabras de apertura /</subfield>
    <subfield code="r">Dr. Alejandro Moscoso Segarra --</subfield>
    <subfield code="t">"Los fundamentos del instituto de la defensa p&#xFA;blica" /</subfield>
    <subfield code="r">Luigi Ferrajoli --</subfield>
    <subfield code="t">"Defensa p&#xFA;blica como garante de acceso a la justicia" /</subfield>
    <subfield code="r">Dr. C&#xE9;sar Pina Toribio --</subfield>
    <subfield code="t">"La lucha por los derechos y los retos de la globalizaci&#xF3;n" --</subfield>
    <subfield code="r">Dr. Alberto Filippi --</subfield>
    <subfield code="t">"La revuelta contra el garantismo" --</subfield>
    <subfield code="r">Dr. Juan Manuel Pellerano G&#xF3;mez --</subfield>
    <subfield code="t">Panel "Reforma constitucional y sistema de garant&#xED;as "--</subfield>
    <subfield code="t">Panel "La justicia y las entidades del proceso penal --</subfield>
    <subfield code="t">"Balance del proceso penal dominicano en la afirmaci&#xF3;n de un sistema de garant&#xED;as" /</subfield>
    <subfield code="t">Lic. Ram&#xF3;n N&#xFA;&#xF1;ez --</subfield>
    <subfield code="t">Palabras de clausura /</subfield>
    <subfield code="r">Dra. Laura Hern&#xE1;ndez R. --</subfield>
    <subfield code="t">"Democracia constitucional y derechos fundamentales en el tiempo de la globalizaci&#xF3;n" /</subfield>
    <subfield code="r">Dr. Luigi Ferrajoli --</subfield>
    <subfield code="g">Galer&#xED;a de im&#xE1;genes.</subfield>
  </datafield>
  <datafield tag="590" ind1=" " ind2=" ">
    <subfield code="a">Inventariado,2018/DG</subfield>
  </datafield>
  <datafield tag="650" ind1=" " ind2="4">
    <subfield code="a">Procedimiento penal</subfield>
    <subfield code="z">Rep&#xFA;blica Dominicana</subfield>
    <subfield code="x">Congresos, conferencias, etc.</subfield>
    <subfield code="9">46596</subfield>
  </datafield>
  <datafield tag="650" ind1=" " ind2="4">
    <subfield code="a">Derecho procesal</subfield>
    <subfield code="z">Rep&#xFA;blica Dominicana</subfield>
    <subfield code="x">Congresos, conferencias, etc.</subfield>
    <subfield code="9">46597</subfield>
  </datafield>
  <datafield tag="650" ind1=" " ind2="4">
    <subfield code="a">Derecho civil</subfield>
    <subfield code="z">Rep&#xFA;blica Dominicana</subfield>
    <subfield code="x">Congresos, conferencias, etc.</subfield>
    <subfield code="9">46598</subfield>
  </datafield>
  <datafield tag="650" ind1=" " ind2="4">
    <subfield code="a">Defensa (procedimiento penal)</subfield>
    <subfield code="x">Congresos, conferencias, etc.</subfield>
    <subfield code="9">46599</subfield>
  </datafield>
  <datafield tag="650" ind1=" " ind2="4">
    <subfield code="a">Fianzas</subfield>
    <subfield code="x">Congresos, conferencias, etc.</subfield>
    <subfield code="9">46600</subfield>
  </datafield>
  <datafield tag="710" ind1="1" ind2=" ">
    <subfield code="a">Ferrajoli, Luigi</subfield>
    <subfield code="9">46601</subfield>
  </datafield>
  <datafield tag="710" ind1="1" ind2=" ">
    <subfield code="a">V&#xE1;squez S&#xE1;muel, Lino,</subfield>
    <subfield code="e">coord.</subfield>
    <subfield code="9">46602</subfield>
  </datafield>
  <datafield tag="710" ind1="1" ind2=" ">
    <subfield code="a">Montero Beard, Marien,</subfield>
    <subfield code="d">ed.</subfield>
    <subfield code="9">46603</subfield>
  </datafield>
  <datafield tag="910" ind1=" " ind2=" ">
    <subfield code="a">Validado. Control de calidad EMS</subfield>
  </datafield>
  <datafield tag="952" ind1=" " ind2=" ">
    <subfield code="0">0</subfield>
    <subfield code="1">0</subfield>
    <subfield code="2">ddc</subfield>
    <subfield code="5">6</subfield>
    <subfield code="7">0</subfield>
    <subfield code="8">DS</subfield>
    <subfield code="a">BNPHU</subfield>
    <subfield code="b">BNPHU</subfield>
    <subfield code="c">HD</subfield>
    <subfield code="d">2017-01-03</subfield>
    <subfield code="e">Poder Judicial</subfield>
    <subfield code="i">LF1</subfield>
    <subfield code="o">345.05 A169j</subfield>
    <subfield code="p">22644-40</subfield>
    <subfield code="r">2020-06-25</subfield>
    <subfield code="t">e. 4</subfield>
    <subfield code="w">2020-06-25</subfield>
    <subfield code="y">LBS1</subfield>
  </datafield>
  <datafield tag="952" ind1=" " ind2=" ">
    <subfield code="0">0</subfield>
    <subfield code="1">0</subfield>
    <subfield code="5">4</subfield>
    <subfield code="7">0</subfield>
    <subfield code="8">DS</subfield>
    <subfield code="a">GR</subfield>
    <subfield code="b">GR</subfield>
    <subfield code="c">HD</subfield>
    <subfield code="d">2010-10-14</subfield>
    <subfield code="i">LF1</subfield>
    <subfield code="l">0</subfield>
    <subfield code="o">345.05 A169j</subfield>
    <subfield code="p">22644-30</subfield>
    <subfield code="r">2020-06-25</subfield>
    <subfield code="t">e. 3</subfield>
    <subfield code="w">2020-06-25</subfield>
    <subfield code="y">LFDS</subfield>
    <subfield code="Z">Pr&#xE9;stamo en sala</subfield>
  </datafield>
  <datafield tag="952" ind1=" " ind2=" ">
    <subfield code="0">0</subfield>
    <subfield code="1">0</subfield>
    <subfield code="7">1</subfield>
    <subfield code="8">PD</subfield>
    <subfield code="a">PD</subfield>
    <subfield code="b">PD</subfield>
    <subfield code="c">HD</subfield>
    <subfield code="d">2010-10-14</subfield>
    <subfield code="i">LF1</subfield>
    <subfield code="l">0</subfield>
    <subfield code="o">345.05 A169j</subfield>
    <subfield code="p">22644-10</subfield>
    <subfield code="r">2020-06-25</subfield>
    <subfield code="w">2020-06-25</subfield>
    <subfield code="y">LFPD</subfield>
    <subfield code="Z">No se presta</subfield>
  </datafield>
  <datafield tag="952" ind1=" " ind2=" ">
    <subfield code="0">0</subfield>
    <subfield code="1">0</subfield>
    <subfield code="7">1</subfield>
    <subfield code="8">PD</subfield>
    <subfield code="a">PD</subfield>
    <subfield code="b">PD</subfield>
    <subfield code="c">HD</subfield>
    <subfield code="d">2010-10-14</subfield>
    <subfield code="i">LF1</subfield>
    <subfield code="l">0</subfield>
    <subfield code="o">345.05 A169j</subfield>
    <subfield code="p">22644-20</subfield>
    <subfield code="r">2020-06-25</subfield>
    <subfield code="t">e. 2</subfield>
    <subfield code="w">2020-06-25</subfield>
    <subfield code="y">LFPD</subfield>
    <subfield code="Z">No se presta</subfield>
  </datafield>
  <datafield tag="999" ind1=" " ind2=" ">
    <subfield code="c">22141</subfield>
    <subfield code="d">22141</subfield>
  </datafield>
</record>
